000 00939nam a22002897a 4500
001 BR2021000124
003 BR-BrBNA
005 20230928105606.0
007 ta
008 230509b bl.||||| |||| 00| 0 por d
040 _aBR-BrBNA
_bpor
_cBiblioteca Nacional de Agricultura
041 _a(Por)
072 _aE10; D50; B50
090 _ E10 BR2021000124
100 1 _aNomam, L.
110 1 _aMinistério do Desenvolvimento Agrário, Brasília, DF (Brasil). Inst. Nacional de Colonização e Reforma Agrária
_97480
245 1 _aTravessia: do sonho à ação afirmativa
_bA História do Programa de Ações Afirmativas do MDA-INCRA
260 3 _aBrasília, DF (Brasil):
_c[nd].
300 _a60 p.
500 _aPublished 2003?; 3 illus.; 8 graphs
650 _aPOLÍTICAS PÚBLICAS
650 _aPOLÍTICA SOCIAL
650 _aHISTÓRIA
650 _aLEGISLAÇÃO
909 _a202309
_bLucia
_c55
_dLucia Elande
942 _cBK
999 _c85786
_d85786